Fiscalidad de la empresa turs̕tica

Detalles Bibliográficos
Autor principal: Ruiz Garijo, Mercedes
Otros Autores: Fernǹdez Junquera, Manuela (pr)
Formato: Desconocido
Lenguaje:español
Publicado: Madrid : Editoriales de Derecho Reunidas, D.L. 2002
Materias:
Acceso en línea:Acceso restringido

MARC

LEADER 00000ny a22000003n 4500
005 20110531144432.0
008 030326s2002 sp s 000 0 spa c
017 |a D.L. M.53841-2002 
020 |a 8484940632 
035 |a 617 
040 |a UMA.RE  |d vLex 
040 |a UMA.TUR  |d vLex 
080 |a 338.48 
090 |c 389  |d 389 
100 1 |a Ruiz Garijo, Mercedes 
245 1 0 |a Fiscalidad de la empresa turs̕tica  |h [Recurso electrn̤ico]  |c Mercedes Ruiz Garijo ; prl̤ogo de Manuela Fernǹdez Junquera 
256 |a Servicio en ln̕ea 
260 |a Madrid :  |b Editoriales de Derecho Reunidas,  |c D.L. 2002 
300 |a 326 p. ;  |c 22 cm 
506 1 |a Contenido solo disponible en los productos indicados  |d vLex Global  |d vLex Global (Academic Edition, excluding Law Schools)  |d vLex Global (U.S. Academic Edition, Law Schools)  |d vLex Global (U.S. Academic Edition, excluding Law Schools)  |d vLex Global (Academic Edition, Law Schools) 
650 0 7 |a Tributario  |2 Tesauro vLex 
650 0 7 |a Regulacin̤ del turismo  |2 Tesauro vLex 
700 1 2 |a Fernǹdez Junquera, Manuela,  |e pr 
740 0 |a vLex Libros (Servicios en ln̕ea) 
856 4 0 |u http://vlex.com/source/617  |z Acceso restringido 
942 |c BOOK 
999 0 |a Taxation   |b Madrid